000 00364nam a22001337a 4500
020 _a8120325117
082 _222
_a658.401221
100 _aHunger, J David and Wheelen, Thomas L.
245 _aEssentials of strategic management /
250 _a3rd.
260 _aNew Delhi,
_bPrentice Hall,
_cc2005.
300 _aviii, 191 p. ;
_bill. ;
_c28 cm.
942 _2ddc
_cMAG
999 _c292
_d292